000 00276nam a22001337a 4500
008 170824b xxu||||| |||| 00| 0 eng d
020 _a9780618020874
041 _aeng
080 _a514
100 _a38
101 _aMAT
245 _aGEOMETRY
_cLARSON,R
942 _2udc
_cBK
999 _c24784
_d24784